000 01037cam a22002894a 4500
999 _c21699
_d21699
001 14201642
003 OSt
005 20210206103631.0
008 051216s2006 coua b 001 0 eng
010 _a 2005036550
020 _a8130904756
020 _a9788136904757
040 _coclc
042 _apcc
050 0 0 _aHM1281
_b.C6715 2006
082 0 0 _a303.61
_bCOR/G
100 1 _aCortright, David,
_d1946-
_9140
245 1 0 _aGandhi and Beyond :
_bNonviolence for an Age of Terrorism /
_cDavid Cortright
260 _aNew Delhi :
_bViva Books,
_c2007.
300 _a265 p. :
_bill. ;
_c24 cm.
504 _aIncludes bibliographical references (p. 223-252) and index.
650 0 _aNonviolence.
856 4 1 _3Table of contents only
_uhttp://www.loc.gov/catdir/toc/ecip065/2005036550.html
906 _a7
_bcbc
_corignew
_d1
_eecip
_f20
_gy-gencatlg
942 _2ddc
_cBK
_h303.61
_iCOR/G
_k303.61
_mCOR/G